Mangroves and their environment: with emphasis on mangroves in Gujarat (Record no. 604752)
[ view plain ]
| 000 -LEADER | |
|---|---|
| fixed length control field | 00540nam a2200145Ia 4500 |
| 008 - FIXED-LENGTH DATA ELEMENTS--GENERAL INFORMATION | |
| fixed length control field | 100415s9999 xx 000 0 und d |
| 082 ## - DEWEY DECIMAL CLASSIFICATION NUMBER | |
| Item number | 21870 |
| Classification number | 583.42(5475) |
| 100 ## - MAIN ENTRY--PERSONAL NAME | |
| Personal name | SINGH H.S. |
| 245 ## - TITLE STATEMENT | |
| Title | Mangroves and their environment: with emphasis on mangroves in Gujarat |
| 260 ## - PUBLICATION, DISTRIBUTION, ETC. (IMPRINT) | |
| Place of publication, distribution, etc | GANDHI NAGAR |
| Date of publication, distribution, etc | 2006 |
| Name of publisher, distributor, etc | FOREST DEPARTMENT,GUJARAT STAT |
| 365 ## - TRADE PRICE | |
| Price amount | 0 |
| 630 ## - SUBJECT ADDED ENTRY--UNIFORM TITLE | |
| Uniform title | Mangroves and their environment: with emphasis on mangroves in Gujarat |
| 730 ## - ADDED ENTRY--UNIFORM TITLE | |
| Uniform title | Mangroves and their environment: with emphasis on mangroves in Gujarat |
| 942 ## - ADDED ENTRY ELEMENTS (KOHA) | |
| Koha item type | Book |
| Withdrawn status | Lost status | Damaged status | Not for loan | Home library | Current library | Date acquired | Cost, normal purchase price | Total Checkouts | Full call number | Barcode | Date last seen | Price effective from | Koha item type |
|---|---|---|---|---|---|---|---|---|---|---|---|---|---|
| Bombay Natural History Society | Bombay Natural History Society | 12/21/2006 | 0.00 | 583.42(5475) 21870 | BNHS-21870 | 04/15/2010 | 04/15/2010 | Book |